| 000 | 00962nam a22002657a 4500 | ||
|---|---|---|---|
| 005 | 20210325175209.0 | ||
| 008 | s2541 th tha d | ||
| 020 | _a9748368483 | ||
| 041 | _atha | ||
| 050 | _aRM237.55 ส637ช 2541 | ||
| 100 | 0 | _aสาทิส อินทรกำแหง | |
| 245 | 1 | 0 | _aชีวิตเริ่มต้นเมื่อ 70 [8th] |
| 260 | 3 |
_aกรุงเทพฯ : _bคลินิกบ้านและสวน, _c2541 |
|
| 300 |
_a270 หน้า : _b ภาพประกอบ ; _c 21 ซม. |
||
| 650 | 0 | 4 | _aอัลไซเมอร์ |
| 650 | 0 | 4 | _aอาหารชีวจิต |
| 650 | 0 | 4 | _aอาหารธรรมชาติ |
| 650 | 0 | 4 | _aอาหารเพื่อสุขภาพ |
| 650 | 0 | 4 | _aโภชนบำบัด |
| 650 | 0 | 4 | _aโรคสมองเสื่อม |
| 850 | _aNALT | ||
| 942 | _cGB | ||
| 997 | _c000000000006048 | ||
| 998 | _aSOPAPORN | ||
| 999 |
_c6048 _d6048 |
||